000 00333nam a2200097Ia 4500
008 220120s9999||||xx |||||||||||||| ||und||
100 _aAbhishek K.S and others
_912491
245 0 _aRedtacton based integrated safety device for cars
260 _aCoorg Institute of Technology
_bPonnampet
_c2014
650 _aELECTRONICS AND COMMUNICATIONS
999 _c138085
_d138085